| 000 | 00984 a2200193 4500 | ||
|---|---|---|---|
| 005 | 20240802145506.0 | ||
| 010 | _aB-758954 | ||
| 020 |
_a9789354093494 _c125.00 |
||
| 035 | _aB-758954 | ||
| 037 | _bउपहार | ||
| 082 | _a820 | ||
| 100 |
_aदिवेदी, भगवती प्रसाद _969335 |
||
| 245 |
_aआखर -आखर प्यार/ _cभगवती प्रसाद दिवेदी |
||
| 260 |
_aन्यू दिल्ली _bप्रकाशन विभाग सुचना और प्रसारण मंत्रालय भारत सरकार _c2022 |
||
| 270 |
_aसुचना भवन सी.जी.ओ काम्प्लेक्स लोधी रोड _bन्यू दिल्ली _e110003 |
||
| 300 |
_a60 पृष्ठ.; _c24cm. (आजिल्द) |
||
| 942 |
_adpl _cCH _2ddc _h820 _mदिवेदी |
||
| 999 |
_c202687 _d202687 |
||